Southville International School and Colleges
Your cart is empty.
  • Cart
  • Lists
    Public lists Eva Luna New books Lux_list list_1
    Your lists Log in to create your own lists
  • Log in to your account
  • Your cookies
  • Search history
Southville International School and Colleges
  • Advanced search
  • Recent comments
  • Most popular
  • Libraries

Log in to your account

Log in with GOOGLE


If you do not have an external account, but do have a local account, you can still log in:

  1. Home
  2. MARC view: The draining lake /
Normal view MARC view ISBD view

The draining lake / (Record no. 292855)

[ view plain ]
MARC details
000 -LEADER
fixed length control field 01366cam a2200385 a 4500
001 - CONTROL NUMBER
control field 15298585
003 - CONTROL NUMBER IDENTIFIER
control field PILC
005 - DATE AND TIME OF LATEST TRANSACTION
control field 20160329144229.0
008 - FIXED-LENGTH DATA ELEMENTS--GENERAL INFORMATION
fixed length control field 080521s2008 nyu 000 1 eng
010 ## - LIBRARY OF CONGRESS CONTROL NUMBER
LC control number 2008021257
020 ## - INTERNATIONAL STANDARD BOOK NUMBER
International Standard Book Number 9780312358730 (alk. paper)
020 ## - INTERNATIONAL STANDARD BOOK NUMBER
International Standard Book Number 0312358733 (alk. paper)
035 ## - SYSTEM CONTROL NUMBER
System control number (OCoLC)ocn213451424
035 ## - SYSTEM CONTROL NUMBER
System control number (OCoLC)213451424
040 ## - CATALOGING SOURCE
Original cataloging agency DLC
Transcribing agency DLC
Modifying agency BTCTA
-- BAKER
-- YDXCP
-- OCLCG
-- C#P
-- WIQ
-- JP3
-- DLC
041 1# - LANGUAGE CODE
Language code of text/sound track or separate title eng
Language code of original and/or intermediate translations of text ice
050 00 - LIBRARY OF CONGRESS CALL NUMBER
Classification number PT 7511.A67
Item number .In41 2004
082 00 - DEWEY DECIMAL CLASSIFICATION NUMBER
Classification number 839/.6934
100 0# - MAIN ENTRY--PERSONAL NAME
Personal name Indriðason, Arnaldur.
Dates associated with a name 1961-
240 10 - UNIFORM TITLE
Uniform title <a href="Kleifarvatn.">Kleifarvatn.</a>
Language of a work English
245 14 - TITLE STATEMENT
Title The draining lake /
Statement of responsibility, etc Arnaldur Indriðason ; translated from the Icelandic by Bernard Scudder.
250 ## - EDITION STATEMENT
Edition statement 1st U.S. edition.
260 ## - PUBLICATION, DISTRIBUTION, ETC. (IMPRINT)
Place of publication, distribution, etc New York :
Name of publisher, distributor, etc Thomas Dunne Books,
Date of publication, distribution, etc 2008.
300 ## - PHYSICAL DESCRIPTION
Extent 323 pages ;
Dimensions 22 cm.
546 ## - LANGUAGE NOTE
Language note Translated from the Icelandic.
650 #0 - SUBJECT ADDED ENTRY--TOPICAL TERM
Topical term or geographic name as entry element Erlendur Sveinsson (Fictitious character)
Form subdivision Fiction.
650 #0 - SUBJECT ADDED ENTRY--TOPICAL TERM
Topical term or geographic name as entry element Murder
General subdivision Investigation
Form subdivision Fiction.
650 #0 - SUBJECT ADDED ENTRY--TOPICAL TERM
Topical term or geographic name as entry element Lakes
Form subdivision Fiction.
651 #0 - SUBJECT ADDED ENTRY--GEOGRAPHIC NAME
Geographic name Iceland
Form subdivision Fiction.
655 #7 - INDEX TERM--GENRE/FORM
Genre/form data or focus term Mystery fiction.
Source of term gsafd
700 1# - ADDED ENTRY--PERSONAL NAME
Personal name Scudder, Bernard,
Dates associated with a name 1954-2007.
906 ## - LOCAL DATA ELEMENT F, LDF (RLIN)
a 7
b cbc
c orignew
d 1
e ecip
f 20
g y-gencatlg
942 ## - ADDED ENTRY ELEMENTS (KOHA)
Source of classification or shelving scheme Library of Congress Classification
Koha item type Books
Holdings
Withdrawn status Lost status Source of classification or shelving scheme Damaged status Home library Current library Shelving location Date acquired Source of acquisition Sub Shelving location Total Checkouts Full call number Barcode Date last seen Price effective from Koha item type
    Library of Congress Classification   College Library College Library Fiction Section 03/29/2016 Donation     PT 7511.A67 .In41 2004 C20508 05/08/2018 03/29/2016 Books

The draining lake /

APA

Indriðason A., Scudder B., . (2008). The draining lake. New York: Thomas Dunne Books.

Chicago

Indriðason Arnaldur, Scudder Bernard, . 2008. The draining lake. New York: Thomas Dunne Books.

Harvard

Indriðason A., Scudder B., . (2008). The draining lake. New York: Thomas Dunne Books.

MLA

Indriðason Arnaldur, Scudder Bernard, . The draining lake. New York: Thomas Dunne Books. 2008.

  • Place hold
  • Print
  • Cite
  • Add to your cart (remove)
  • Save record
    BIBTEX Dublin Core MARCXML MARC (non-Unicode/MARC-8) MARC (Unicode/UTF-8) MARC (Unicode/UTF-8, Standard) MODS (XML) RIS
  • More searches
    Search for this title in:
    Other Libraries (WorldCat) Other Databases (Google Scholar) Online Stores (Bookfinder.com) Open Library (openlibrary.org)

Exporting to Dublin Core...

SOUTHVILLE LIBRARY

Southville International School and Colleges Library

1281 Tropical Ave. Cor. Luxembourg St., BF Homes International, Las Pinas City

Tel. No. 8256374 / 252358 Loc. 117/146

Powered by Koha